25 größten Länder auf der Welt - Statistiken

Allgemein
  • Dieses Quiz wurde 243 mal gespielt
  • Das Durchschnittsergebnis liegt bei 20 aus 25
Antwortstatistiken
Fläche in km² Länder % Korrekt
17.098.242 Russland
100%
9.596.960 China
99%
9.984.670 Kanada
99%
8.515.770 Brasilien
98%
9.525.067 Vereinigte Staaten
98%
3.287.263 Indien
96%
7.741.220 Australien
93%
2.780.400 Argentinien
92%
1.964.375 Mexiko
90%
2.724.900 Kasachstan
89%
1.564.116 Mongolei
86%
2.344.858 Demokratische Republik Kongo
84%
2.381.740 Algerien
83%
2.149.690 Saudi-Arabien
82%
1.904.569 Indonesien
79%
1.648.195 Iran
78%
1.219.090 Südafrika
78%
1.267.000 Niger
73%
1.284.000 Tschad
68%
1.285.216 Peru
66%
1.861.484 Sudan
66%
1.138.910 Kolumbien
64%
1.240.192 Mali
63%
1.759.540 Libyen
60%
1.246.700 Angola
43%
Keine übereinstimmenden Quizze gefunden
Verteilung der Resultate
Anzahl Personen mit jedem Resultat
Perzentil nach korrekt beantworteten Fragen
Ihre Resultats-Entwicklung
Sie haben dieses Quiz noch nicht gespielt